| 000 | 00483nam a2200169 i 4500 | ||
|---|---|---|---|
| 001 | 65930 | ||
| 003 | ES-MaACL | ||
| 005 | 20230906165515.0 | ||
| 007 | t| | ||
| 008 | 040123s1966 sp ||||1| spa d | ||
| 100 | 1 |
_aFuster y Mayans, Gabriel. _953093 |
|
| 245 | 1 | 0 |
_aHistoria de Manacor / _cGabriel Fuster. |
| 250 | _a[1ª ed.]. | ||
| 260 |
_a[Manacor : _bOficina de prensa], _c1966. |
||
| 300 |
_a410 p., 40 lám. : _bretr. aut. ; _c22 cm. |
||
| 852 |
_aES-MaACL _jC-29757 _bR.60238 |
||
| 999 |
_c65930 _d65930 |
||